Geography Quiz

Random Geography or Color Quiz

Countries' Flag Colors Quiz Stats

Quiz not verified by Sporcle

Score 0/196 Timer 05:00
0 Plays Today
Country Colors % Correct
Sri LankaYellow/Green/Orange/Red
82.8%
GermanyBlack/Red/Yellow
81.6%
ChileWhite/Red/Blue
80.5%
GeorgiaWhite/Red
80.5%
VenezuelaYellow/Blue/Red/Black
80.5%
AustraliaBlue/White/Red
79.3%
JapanWhite/Red
79.3%
SlovakiaWhite/Blue/Red
79.3%
United StatesRed/White/Blue
79.3%
BelarusRed/White/Green
78.2%
BrazilGreen/Yellow/Blue/White
78.2%
BulgariaWhite/Green/Red
78.2%
IraqRed/White/Black/Green
78.2%
MonacoRed/White
78.2%
New ZealandBlue/White/Red
78.2%
Saudi ArabiaGreen/White
78.2%
SeychellesBlue/Yellow/Red/White/Green
78.2%
SpainRed/Yellow/Gray/Blue etc.
78.2%
AngolaRed/Black/Yellow
77%
BelizeRed/Blue/White/Green etc.
77%
Dem. Rep. of the CongoBlue/Yellow/Red
77%
CroatiaRed/White/Blue/Black
77%
Dominican RepublicBlue/White/Red/Green
77%
HungaryRed/White/Green
77%
IrelandGreen/White/Orange
77%
ItalyGreen/White/Red
77%
JordanRed/Black/White/Green
77%
MacedoniaRed/Yellow
77%
MaltaWhite/Red/Gray
77%
South AfricaBlack/Yellow/Green/White/Red/Blue
77%
TurkeyRed/White
77%
ArgentinaBlue/White/Yellow
75.9%
MicronesiaBlue/White
75.9%
Burkina FasoRed/Yellow/Green
75.9%
CameroonGreen/Red/Yellow
75.9%
CanadaRed/White
75.9%
Cape VerdeBlue/White/Red/Yellow
75.9%
ComorosGreen/White/Yellow/Red/Blue
75.9%
Rep. of the CongoGreen/Yellow/Red
75.9%
Costa RicaBlue/White/Red etc.
75.9%
FijiBlue/Red/White etc.
75.9%
NetherlandsRed/White/Blue
75.9%
RwandaBlue/Yellow/Green
75.9%
SloveniaWhite/Blue/Red/Yellow
75.9%
ThailandRed/White/Blue
75.9%
TunisiaRed/White
75.9%
UkraineBlue/Yellow
75.9%
United KingdomBlue/White/Red
75.9%
AustriaRed/White
74.7%
BangladeshGreen/Red
74.7%
BhutanYellow/Orange/Black/White
74.7%
ChadBlue/Yellow/Red
74.7%
Cote d'IvoireOrange/White/Green
74.7%
DenmarkRed/White
74.7%
FranceBlue/White/Red
74.7%
Guinea-BissauRed/Yellow/Green/Black
74.7%
Vatican CityYellow/White/Red
74.7%
IndiaOrange/White/Green/Blue
74.7%
KuwaitBlack/Green/White/Red
74.7%
LatviaRed/White
74.7%
LiechtensteinBlue/Red/Yellow/Black
74.7%
MalaysiaBlue/Yellow/Red/White
74.7%
MexicoGreen/White/Red/Brown/Blue
74.7%
MoldovaBlue/Yellow/Red etc.
74.7%
PanamaWhite/Red/Blue
74.7%
Sao Tome and PrincipeRed/Green/Yellow/Black
74.7%
Country Colors % Correct
SerbiaRed/Blue/White/Yellow
74.7%
SwazilandBlue/Yellow/Red/Black/White
74.7%
ArmeniaRed/Blue/Orange
73.6%
BahrainWhite/Red
73.6%
BeninGreen/Yellow/Red
73.6%
BruneiYellow/Black/White/Red
73.6%
ColombiaYellow/Blue/Red
73.6%
CubaRed/Blue/White
73.6%
EstoniaBlue/Black/White
73.6%
GreeceBlue/White
73.6%
GuatemalaBlue/White/Green etc.
73.6%
GuyanaRed/Yellow/Green etc.
73.6%
IndonesiaRed/White
73.6%
North KoreaBlue/White/Red
73.6%
South KoreaBlack/White/Red/Blue
73.6%
KyrgyzstanRed/Yellow
73.6%
LuxembourgRed/White/Blue
73.6%
MontenegroRed/Yellow/Blue/Green
73.6%
PakistanWhite/Green
73.6%
PolandWhite/Red
73.6%
PortugalGreen/Red/Yellow/White/Blue
73.6%
QatarWhite/Red
73.6%
SamoaRed/Blue/White
73.6%
SwedenBlue/Yellow
73.6%
TogoRed/White/Green/Yellow
73.6%
ZambiaGreen/Red/Black/Yellow
73.6%
MadagascarWhite/Red/Green
72.4%
BurundiRed/Green/White
72.4%
ZimbabweWhite/Green/Yellow/Red/Black
72.4%
CyprusWhite/Yellow/Green
72.4%
DjiboutiWhite/Red/Blue/Green
72.4%
EcuadorYellow/Blue/Red etc.
72.4%
HaitiBlue/Red/White etc.
72.4%
IcelandBlue/White/Red
72.4%
IsraelBlue/White
72.4%
KosovoBlue/Yellow/White
72.4%
LebanonRed/White/Green
72.4%
LibyaGreen
72.4%
MauritiusRed/Blue/Yellow/Green
72.4%
NamibiaBlue/Red/Green/White/Yellow
72.4%
NauruBlue/Yellow/White
72.4%
NorwayRed/White/Blue
72.4%
PhilippinesWhite/Blue/Red/Yellow
72.4%
RomaniaBlue/Yellow/Red
72.4%
Saint LuciaBlue/White/Black/Yellow
72.4%
San MarinoWhite/Blue/Green etc.
72.4%
SudanGreen/Red/White/Black
72.4%
TanzaniaGreen/Blue/Yellow/Black
72.4%
VietnamRed/Yellow
72.4%
AndorraBlue/Yellow/Red/White
71.3%
AzerbaijanBlue/Red/Green/White
71.3%
BarbadosBlue/Yellow/Black
71.3%
ChinaRed/Yellow
71.3%
Myanmar/BurmaYellow/Green/Red/White
71.3%
EgyptRed/White/Black/Yellow
71.3%
FinlandWhite/Blue
71.3%
The GambiaRed/White/Blue/Green
71.3%
GrenadaRed/Yellow/Green
71.3%
GuineaRed/Yellow/Green
71.3%
HondurasBlue/White
71.3%
IranGreen/White/Red
71.3%
KenyaBlack/White/Red/Green
71.3%
LithuaniaYellow/Green/Red
71.3%
MaldivesRed/Green/White
71.3%
MozambiqueRed/Green/Black/Yellow/White
71.3%
NepalBlue/Red/White
71.3%
Country Colors % Correct
OmanRed/White/Green
71.3%
PalauBlue/Yellow
71.3%
Papua New GuineaBlack/Red/White/Yellow
71.3%
RussiaWhite/Blue/Red
71.3%
Saint Kitts and NevisGreen/Red/Yellow/Black/White
71.3%
SwitzerlandRed/White
71.3%
Timor-LesteBlack/White/Yellow/Red
71.3%
UzbekistanBlue/White/Green/Red
71.3%
YemenRed/White/Black
71.3%
AlgeriaGreen/White/Red
70.1%
BoliviaRed/Yellow/Green/White etc.
70.1%
Bosnia and HerzegovinaBlue/Yellow/White
70.1%
LaosRed/Blue/White
70.1%
CambodiaBlue/Red/Black/White
70.1%
Central African RepublicBlue/White/Green/Yellow/Red
70.1%
GhanaRed/Yellow/Green/Black
70.1%
KazakhstanBlue/Yellow
70.1%
MaliGreen/Yellow/Red
70.1%
MauritaniaGreen/Yellow
70.1%
MongoliaRed/Blue/Yellow
70.1%
MoroccoRed/Green
70.1%
NigeriaGreen/White
70.1%
SenegalGreen/Yellow/Red
70.1%
Sierra LeoneGreen/White/Blue
70.1%
SingaporeRed/White
70.1%
SurinameGreen/White/Red/Yellow
70.1%
SyriaRed/White/Black/Green
70.1%
TajikistanRed/White/Green/Yellow
70.1%
Trinidad and TobagoRed/White/Black
70.1%
TuvaluBlue/Red/White/Yellow
70.1%
Antigua and BarbudaRed/Black/White/Blue/Yellow
69%
BelgiumBlack/Yellow/Red
69%
DominicaGreen/Yellow/Black/White etc.
69%
EritreaGreen/White/Blue/Yellow
69%
JamaicaGreen/Yellow/Black
69%
NicaraguaBlue/White/Yellow etc.
69%
St. Vincent and the GrenadinesBlue/Yellow/Green
69%
SomaliaBlue/White
69%
South SudanBlue/Yellow/Black/White/Red/Green
69%
TongaRed/White
69%
TurkmenistanGreen/White/Red/Yellow
69%
VanuatuRed/Black/Yellow/Green
69%
AfghanistanBlack/Red/Green
67.8%
AlbaniaRed/Black
67.8%
BotswanaBlue/White/Black
67.8%
Czech RepublicBlue/White/Red
67.8%
EthiopiaGreen/Yellow/Red/Gray
67.8%
LiberiaRed/White/Blue
67.8%
Marshall IslandsBlue/Orange/White
67.8%
NigerOrange/White/Green
67.8%
TaiwanRed/Blue/White
67.8%
KiribatiRed/Yellow/Blue/White
66.7%
Solomon IslandsBlue/White/Yellow/Green
66.7%
United Arab EmiratesRed/Green/White/Black
66.7%
The BahamasBlue/Yellow/Black
65.5%
Equatorial GuineaBlue/Green/White/Red etc.
65.5%
LesothoBlue/White/Green/Black
65.5%
ParaguayRed/White/Blue etc.
65.5%
UgandaBlack/Yellow/Red
65.5%
El SalvadorBlue/White/Black/Green/Red
64.4%
GabonGreen/Yellow/Blue
64.4%
UruguayWhite/Blue/Yellow/Black
64.4%
MalawiRed/Black/Green/White
63.2%
PeruRed/White/Green etc.
63.2%

You're not logged in!

Compare scores with friends on all Sporcle quizzes.
Join for Free
OR
Log In

You Might Also Like...

Show Comments

Extras

Top Quizzes Today


Score Distribution

Your Account Isn't Verified!

In order to create a playlist on Sporcle, you need to verify the email address you used during registration. Go to your Sporcle Settings to finish the process.

Report this User

Report this user for behavior that violates our Community Guidelines.

Details: